Plus Grandes Villes Portugal - Statistiques

Statistiques générales
  • Ce quiz a été pris 318 fois
  • Le résultat moyen est 5 sur 14
Statistiques - réponses
Ville
Population
(en milliers)
% Correct
Porto 263
100%
Lisbonne 564
100%
Braga 109
81%
Coimbra 101
63%
Guimaraes 52
44%
Aveiro 55
41%
Setubal 89
38%
Vila Nova de Gaia 178
25%
Amadora 175
21%
Almada 101
13%
Funchal 100
11%
Odivelas 50
6%
Queluz 78
4%
Agualva Cacém 81
2%
Aucun quiz correspondant
Distribution des résultats
% des personnes avec chaque résultat
Percentile par nombre de réponses
Votre historique - résultats
Vous n’avez pas pris ce quiz